Malaysia: The return of Rubber Planting focus (Record no. 62388)

MARC details
000 -LEADER
fixed length control field 00351nam a2200133Ia 4500
100 ## - MAIN ENTRY--AUTHOR NAME
Personal name Anthony Franki
245 #0 - TITLE STATEMENT
Title Malaysia: The return of Rubber Planting focus
260 ## - PUBLICATION, DISTRIBUTION, ETC. (IMPRINT)
Name of publisher Rubber International Magazine
Year of publication 2011
300 ## - PHYSICAL DESCRIPTION
Number of Pages 20-21
650 ## - SUBJECT ADDED ENTRY--TOPICAL TERM
Topical Term Malaysia
650 ## - SUBJECT ADDED ENTRY--TOPICAL TERM
Topical Term Rubber planting
942 ## - ADDED ENTRY ELEMENTS (KOHA)
Koha item type Journals
Holdings
Withdrawn status Lost status Damaged status Not for loan Home library Current library Shelving location Date acquired Serial Enumeration / chronology Koha item type
      Journals RRII Library RRII Library Economics 04/08/2011 Volume 13, Issue 5 Journals